Homenaje a Paul Klee /

I tiakina i:
Ngā taipitopito rārangi puna kōrero
Kaituhi matua: Klee, Paul (autor)
Ētahi atu kaituhi: Goeritz, Mathias (texto) (texto)
Hōputu: Pukapuka
Reo:Pāniora
Ngā marau:
Ngā Tūtohu: Tāpirihia he Tūtohu
Kāore He Tūtohu, Me noho koe te mea tuatahi ki te tūtohu i tēnei pūkete!

MARC

LEADER 00000nam^a2200000^a^4500
001 000365373
005 20250526000000.0
008 141103 19481964
009 20260310115642.117
037 |a Acervo ITESO - Biblioteca 
041 |a ESP 
082 |a 759. 3  |b KLE HOM 
100 |a Klee, Paul  |e (autor) 
245 1 0 |a Homenaje a Paul Klee /  |c P. Klee ; texto de M. Goeritz [...et al.]. 
264 |a Madrid, España :  |b Galería Palma,  |c 1948 
300 |a [28 p.] ;  |c 20.0 cm. 
336 |a texto  |b txt  |2 rdacontenido 
337 |a sin mediación  |b n  |2 rdamedio 
338 |a volumen  |b nc  |2 rdasoporte 
561 |a Ex libris del ITESO 
649 |a XX 
650 |a Pintores Suizos 
650 |a Pintores Alemanes 
650 |a Artistas Suizos 
650 |a Artistas Alemanes 
650 |a Pintura Moderna -  |x Historia y Crítica 
650 |a Pintura Suiza -  |x Historia y Crítica 
650 |a Pintura Suiza -  |y Siglo XX 
650 |a Pintura Alemana -  |x Historia y Crítica 
650 |a Pintura Alemana -  |y Siglo XX 
650 |a Arte Moderno -  |x Historia y Crítica 
650 |a Arte Suizo -  |x Historia y Crítica 
650 |a Arte Suizo -  |y Siglo XX 
650 |a Arte Alemán -  |x Historia y Crítica 
650 |a Arte Alemán -  |y Siglo XX 
650 |a Klee, Paul -  |x Tema Principal 
700 |a Goeritz, Mathias  |e (texto) 
910 |a Fondo Ignacio Díaz Morales 
920 |a Impresos - Libros 
930 |a Libros Antiguos y Raros 
940 |a Arquitectos Jaliscienses 
905 |a 108 
901 |a 0500259375  |b IT2  |c LRA  |i D67734  |u 20250526 
902 |a https://opac.biblio.iteso.mx/vufind/Record/000365373